000 00521nam a2200181Ia 4500
001 2220
005 20260306143826.0
008 260306t2005||||xx |||||||||||||| ||spa||
041 _aESP
082 _a616.087
_bR44
100 _aRestrepo Uribe, Gustavo
_eAUT
245 0 _aMales de poderosos y famosos:
_blas extrañas dolencias de Alejandro Magno, Catalina La Grande, Napoleón, Marat, Bethoven
260 _c2005
300 _a201 páginas :
_c22 cm.
650 _aGEN
654 _aCPS
942 _cLIB
_dJUS
_fJUS
_2ddc
_n
999 _c2220
_d2220